|
|
|
|
| LEADER |
00000nam0a2200000 4500 |
| 001 |
169498 |
| 005 |
20231031163435.0 |
| 035 |
|
|
|a (RuTPU)RU\TPU\book\183858
|
| 090 |
|
|
|a 169498
|
| 100 |
|
|
|a 20091113d1952 m y0rusy50 ca
|
| 101 |
0 |
|
|a rus
|
| 102 |
|
|
|a RU
|
| 105 |
|
|
|a a j 000zy
|
| 200 |
1 |
|
|a Мастер структурного бурения
|e учебное пособие
|f А. В. Марамзин, В. М. Ермолаев
|
| 210 |
|
|
|a Ленинград
|c Гостоптехиздат
|d 1952
|a Москва
|
| 215 |
|
|
|a 319 с.
|c ил.
|
| 225 |
1 |
|
|a В помощь новым кадрам нефтяной промышленности
|
| 610 |
1 |
|
|a бурение
|
| 610 |
1 |
|
|a структурное бурение
|
| 610 |
1 |
|
|a учебные пособия
|
| 610 |
1 |
|
|a материаловедение
|
| 610 |
1 |
|
|a нефть
|
| 610 |
1 |
|
|a залегание
|
| 610 |
1 |
|
|a земная кора
|
| 610 |
1 |
|
|a буровое оборудование
|
| 610 |
1 |
|
|a эксплуатация
|
| 610 |
1 |
|
|a техническое нормирование
|
| 610 |
1 |
|
|a техника безопасности
|
| 675 |
|
|
|a 622.243.5
|v 3
|
| 700 |
|
1 |
|a Марамзин
|b А. В.
|g Александр Васильевич
|
| 701 |
|
1 |
|a Ермолаев
|b В. М.
|g Василий Михайлович
|
| 801 |
|
1 |
|a RU
|b 63413507
|c 20091113
|
| 801 |
|
2 |
|a RU
|b 63413507
|c 20180809
|g RCR
|
| 942 |
|
|
|c BK
|